000 00785nam a2200217Ii 4500
003 JO-AjNU
008 230605s9999||||xx |||||||||||||| ||und||
017 _a2013/11/3850
040 _aJO-AjNU
_bara
_erda
_cJO-AjNU
041 _aara
050 1 4 _aKRM3574.5.2014
100 3 _a أبو رمان ، محمود احمد ,
_eauthor
_950617
245 0 0 _aلوائح الدعاوى وانظمة تشكيل المحاكم الشرعية واختصاصاتها
250 _aط1
264 3 1 _aعمان : محمود احمد أبو رمان ، 2013
300 _a301ص
336 _atext
_btxt
_2rdacontent
337 _aunmediated
_bn
_2rdamedia
338 _avolume
_bnc
_2rdacarrier
650 4 _aالقضاء -- المحاكم الشرعية -- الاحوال الشخصية
_950618
999 _aA22308
_c25876
_d25876